| Tag |
First Indicator |
Second Indicator |
Subfields |
| LEADER |
00000cam a2200000 4500 |
| 001 |
in00003812607 |
| 005 |
20190415185541.0 |
| 006 |
m o d |
| 007 |
cr |n||||||||n |
| 008 |
881111s1713 stk|||| o 00||||lat c |
| 035 |
|
|
|a (CU-RivES)T185303
|
| 035 |
|
|
|a (Uk-ES)006280012
|
| 035 |
|
|
|a (OCoLC)509424527
|
| 040 |
|
|
|a Uk-ES
|c Uk-ES
|d CStRLIN
|d Cengage Gale
|d UtOrBLW
|
| 100 |
1 |
|
|a Pitcairn, Archibald,
|d 1652-1713.
|0 http://id.loc.gov/authorities/names/n83041967
|
| 245 |
1 |
0 |
|a Dum tibi laudatur Maij vigesima nona.
|
| 264 |
|
1 |
|a [Edinburgh] :
|b [publisher not identified],
|c [1713]
|
| 300 |
|
|
|a 1 online resource (1 sheet)
|
| 336 |
|
|
|a text
|b txt
|2 rdacontent
|
| 337 |
|
|
|a computer
|b c
|2 rdamedia
|
| 338 |
|
|
|a online resource
|b cr
|2 rdacarrier
|
| 500 |
|
|
|a Anonymous. By Archibald Pitcairne.
|
| 500 |
|
|
|a First line of verse is the title.
|
| 500 |
|
|
|a Dated on the feast of the Ascension, 1713.
|
| 500 |
|
|
|a "Jacobite verses, also praising Sacheverell" (Foxon).
|
| 509 |
|
|
|a Place from Foxon
|
| 510 |
4 |
|
|a Foxon,
|c P361
|
| 510 |
4 |
|
|a English Short Title Catalog,
|c T185303.
|
| 500 |
|
|
|a Reproduction of original from National Library of Scotland.
|
| 500 |
|
|
|a Electronic resource.
|
| 650 |
|
0 |
|a Jacobites
|v Poetry
|v Early works to 1800.
|
| 655 |
|
7 |
|a Electronic books.
|2 local
|
| 655 |
|
7 |
|a Single sheet verse.
|2 rbgenr
|
| 710 |
2 |
|
|a Gale (Firm)
|0 http://id.loc.gov/authorities/names/no2008071348
|
| 752 |
|
|
|a Great Britain
|b Scotland
|d Edinburgh.
|
| 856 |
4 |
0 |
|u http://proxy.library.tamu.edu/login?url=http://find.galegroup.com/ecco/infomark.do?contentSet=ECCOArticles&docType=ECCOArticles&bookId=1668600400&type=getFullCitation&tabID=T001&prodId=ECCO&docLevel=TEXT_GRAPHICS&version=1.0&source=library&userGroupName=txshracd2898
|z Connect to the full text of this electronic book
|t 0
|
| 999 |
f |
f |
|s 4115efc3-c061-31ec-979a-c0459c783a12
|i 150ae933-3edf-3713-956f-892b0d583db4
|t 0
|
| 952 |
f |
f |
|a Texas A&M University
|b College Station
|c Electronic Resources
|d Available Online
|t 0
|h No information provided
|
| 998 |
f |
f |
|t 0
|l Available Online
|